000 01753cam a2200457 a 4500
001 2639221
003 OSt
005 20140310184435.0
008 030214s2003 nyua j 000 1 eng
020 _a043358078
035 _a(OCoLC)ocm51532204
040 _aDLC
_cDLC
_dMTG
_dJED
_dGZG
_dMR0
_dWCM
_dXFF
_dUtOrBLW
042 _apcc
_alcac
043 _ae-uk-en
049 _aUBCC
050 0 0 _aPZ 7
_b.R79835Hpop 2003
090 _bHn 2003a
100 1 _aRowling, J. K.
_917401
245 1 0 _aHarry Potter and the Order of the Phoenix /
_cJ.K. Rowling
250 _a1st American ed.
260 _aNew York, NY :
_bArthur A. Levine Books,
_c1920.
300 _axi, 870 p. :
_bill. ;
_c24 cm.
500 _a"Year 5"--Spine.
520 _aWhen the government of the magic world and authorities at Hogwarts School of Witchcraft and Wizardry refuse to believe in the growing threat of a freshly revived Lord Voldemort, fifteen-year-old Harry Potter finds support from his loyal friends in facing the evil wizard and other new terrors.
521 _aG8
526 _c950
650 0 _aWizards
_vFiction.
_927178
650 0 _aMagic
_vFiction.
_927179
650 0 _aSchools
_vFiction.
_927180
650 1 _aComing of age
_vFiction.
_927181
650 0 _aPotter, Harry (Fictitious character)
_vJuvenile fiction.
_927182
650 0 _aWizards
_vJuvenile fiction.
_927183
650 0 _aMagic
_vJuvenile fiction.
_927184
650 0 _aSchools
_vJuvenile fiction.
_927185
650 0 _aHogwarts School of Witchcraft and Wizardry (Imaginary place)
_vJuvenile fiction.
_927186
651 0 _aEngland
_vFiction.
_927187
651 0 _aEngland
_vJuvenile fiction.
_927188
700 1 _aGrandPré, Mary.
_927189
942 _2lcc
_cBK-SCHOLAS
999 _c34380
_d34380